000 01400cam a2200349 i 4500
999 _c1950
_d1950
001 18598425
003 OSt
005 20230220143747.0
008 150430s2015 nyu j 001 0beng
010 _a 2015017318
020 _a9780531214268 (pbk.)
040 _aDLC
_beng
_cDLC
_erda
_dDLC
_dKH8
042 _apcc
043 _ae-uk-en
_af-tz---
082 0 0 _a591.092 SHE
_223
100 1 _aShepherd, Jodie.
_eauthor
245 1 0 _aJane Goodall /
_cby Jodie Shepherd ; content consultant, Nanci R. Vargus, Ed. D., Professor Emeritus, University of Indianapolis, reading consultant, Jeanne M. Clidas, Ph. D., Reading Specialist.
264 1 _aNew York :
_bChildren's Press, an imprint of Scholastic Inc.,
_c2015.
300 _a32 pages :
_billustrations (chiefly color) ;
_c19 cm.
336 _atext
_2rdacontent
337 _aunmediated
_2rdamedia
338 _avolume
_2rdacarrier
490 0 _aRookie biographies
500 _aIncludes index.
600 1 0 _aGoodall, Jane,
_d1934-
_vJuvenile literature.
650 0 _aWomen primatologists
_zEngland
_vBiography
_vJuvenile literature.
650 0 _aChimpanzees
_zTanzania
_zGombe National Park
_vJuvenile literature.
650 0 _aWildlife conservation
_vJuvenile literature.
906 _a7
_bcbc
_corignew
_d1
_eecip
_f20
_gy-gencatlg
942 _2ddc
_cNFIC